Responses for Show #639 - Thursday, May 21, 1987

1987 Senior Tournament final game 1.

Contestants

[<< previous game]

Irene Grzywacz, a teacher originally from Connecticut

Lee Saunders, a part-time textbook editor from Orlando, Florida

Zeke Sevilla, Jr., a criminal lawyer from Vienna, Virginia

[next game >>]

Jeopardy! Round responses

EXPLORERS
SHOW MUSIC
IRELAND
LANGUAGES
FRANKENSTEIN
FAMOUS LASTS
    $100 1
Lewis & Clark

Lee
    $100 2
that man

Zeke
    $100 16
(Lee: What are, who are the [*]?)
[Lee was credited with a correct response prior to the reveal of the Final Jeopardy! clue.]

Vikings (*Danes)

ZekeLee
    $100 10
Switzerland

Irene
    $100 18
Mary Wollstonecraft

Lee
    $100 19
Jack the Ripper

Lee
    $200 3
Sir Walter Raleigh

Zeke
    $200 6
no

Irene
    $200 17
(Irene: What are the sweepstakes?)
(Alex: Yes, be a little more specific.)

Irish Sweepstakes

Irene
    $500 11
(Alex: Julius La Rosa, "Eh, Cumpari", 1953 hit song.)
[The song was not reprised going into the break.]

Italian

Irene
    $200 21
Boris Karloff

Irene
    $200 20
M*A*S*H

Zeke
    $300 4
Aaron Burr

Zeke
    $300 7
forever

Lee
    $300 23
(Alex: That's it and we've got a minute to go.)

peat

Zeke
    $300 12
(Irene: What is Liechtenstein?)

Luxembourg

LeeIrene
    $300 22
Fronkonsteen

Zeke
    $300 26
bull

Irene
    $400 5
Captain Cook

Lee
    $400 8
Bye Bye Birdie

Zeke
    $400 24
Irish wolfhound

Irene
    $400 14
(1 of) Angola (or Mozambique)

Zeke
    $400 27
there were 30 days in February

Lee
    $500 9
gold

Zeke
    $500 13
the willow

Lee
    $500 25
Sean O'Casey

Triple Stumper
    $500 15
(Irene: What is Yugoslavian?)
(Zeke: What is Czechoslovakian?)

Serbo-Croatian

ZekeIrene
Triple Stumper
    $500 28
(Alex: And he didn't divorce her, she outlived him.)
[The end of the round sound signals.]

Tommy Manville

Lee

Scores at the first commercial break (after clue 11):

Zeke Lee Irene
$1,500 $800 $800

Scores at the end of the Jeopardy! Round:

Zeke Lee Irene
$2,300 $2,800 $1,100

Double Jeopardy! Round responses

FAMOUS FIRSTS
REPUBLICANS
ZOOS
TOUGH TV TRIVIA
INITIALS
FULL MOONS
    $200 1
women

Zeke
    $200 10
Donald Regan

Lee
    $200 19
Bronx Zoo

Zeke
    $200 26
(Irene: Who is William Hawley?)
(Alex: Would you say it again, please?)
(Irene: Who is William Hawley?)

William Frawley

LeeIrene
    $200 3
bring your own bottle

Zeke
    $200 15
(Lee: What were home runs over the Dodger left field wall in Dodger Stadium, Los Angeles?)
(Alex: Okay, he gave us a lot of information on that one. The sport is obviously [*].)

baseball

Lee
    $400 2
(Irene: Who is Jackie Cooper?)

Jackie Coogan

LeeIrene
    $400 11
McKinley

Zeke
    $400 20
National Zoo in Washington, D.C.

Zeke
    $400 27
sportswriter

Lee
    $400 4
Woman's Christian Temperance Union

Zeke
    $400 16
Rev. Moon

Irene
    $600 8
(Irene: What is the 1st Army-Navy game?)
(Alex: Be a little more... [Irene completes it.])

Army-Navy football game

Irene
    $600 13
Howard Baker

Irene
    $600 21
King Solomon

Zeke
    $600 28
Joey Stivic

Lee
    $1,500 5
[Laughter when clue is read and applause after the correct response]
(Alex: A lucky break for our criminal attorney.)

juris doctor or juvenile delinquent

Zeke
    $600 17
Nokomis

Triple Stumper
    $800 9
macadam highways, roads

Lee
    $1,500 14
(Irene: Who is Ronald Reagan?)

Richard Nixon

Irene
    $800 22
(Lee: What is Hyde Park?)

Regent's Park

Lee
Triple Stumper
    $800 29
(Lee: Who was Garry Moore?)
(Irene: Clayton, who was Clayton?)
...
(Alex: It was Clayton, Durante and [*].)
[The end of the round sound signals.]

Eddie Jackson

LeeIrene
Triple Stumper
    $800 6
(Lee: What is the, uh, Russian secret police organization, the [*]?)

KGB

Lee
    $800 18
Moon Mother

Zeke
    $1000 12
Rover

Zeke
    $1000 24
mother & son

Zeke
    $1000 23
Vienna

Zeke
    $1000 7
Revised Standard Version of the Bible

Zeke
    $1000 25
(Alex: Zeke, we go back to you, less than a minute to go.)

Moon Maids

Triple Stumper

Scores at the end of the Double Jeopardy! Round:

Zeke Lee Irene
$11,000 $4,800 -$200

Final Jeopardy! Round responses

WORLD CITIES
LeeWhat is Sao Paulo?
$1,000
ZekeWhat is Rio de Janeiro?
$1,199
Sao Paulo

Final scores:

Zeke Lee Irene
$9,801 $5,800 -$200

Game dynamics:

Coryat scores:

Zeke Lee Irene
$10,100 $4,800 $1,000
23 R
(including 1 DD),
1 W
18 R,
2 W
10 R
(including 1 DD),
6 W
(including 1 DD)

Combined Coryat: $15,900

[game clues] [game scores] [suggest correction]

Game tape date: 1987-02-11
The J! Archive is created by fans, for fans. Scraping, republication, monetization, and malicious use prohibited; this site may use cookies and collect identifying information. See terms. The Jeopardy! game show and all elements thereof, including but not limited to copyright and trademark thereto, are the property of Jeopardy Productions, Inc. and are protected under law. This website is not affiliated with, sponsored by, or operated by Jeopardy Productions, Inc. Join the discussion at JBoard.tv.